Missing Word: The Sound of Music Quiz Stats

 Plays Quiz Updated Jun 29, 2014

Support Sporcle.
Go Orange.
Score 0/11 Timer 03:00
1 Play Today
Hint Answer % Correct
The _____ of MusicSound
99.7%
Do-_____-MiRe
97.1%
Climb Ev'ry _____Mountain
94.9%
_____ going on Seventeen Sixteen
93.8%
So _____, FarewellLong
92%
My _____ ThingsFavorite
91.1%
(How do you solve a problem like) _____Maria
86.6%
_____weiss Edel
74.6%
The _____ GoatherdLonely
64.2%
Something _____Good
44.2%
I have _____Confidence
42.2%

Today's Daily Dose

Missing Word
Food in Lyrics

Word Ladder
Bouquet

You're not logged in!

Compare scores with friends on all Sporcle quizzes.
OR
Log In

From the Vault

Erase the USA (A-Z)

by goc3

It's only 3.8 million square miles to erase.
Remove Ads.
Support Sporcle.
Get the best of Sporcle when you Go Orange. This ad-free experience offers more features, more stats, and more fun while also helping to support Sporcle. Thank you for becoming a member.

Show Comments

Extras

Top Quizzes Today


Score Distribution

Your Account Isn't Verified!

In order to create a playlist on Sporcle, you need to verify the email address you used during registration. Go to your Sporcle Settings to finish the process.

Report this User

Report this user for behavior that violates our Community Guidelines.

Details: